Statistics for C-vel kezdődő országok zászlói

Click here to take the quiz!

General Stats

  • This quiz has been taken 4 times
  • The average score is 4 of 6

Answer Stats

Answer% Correct
Chile
100%
Csád
100%
Ciprus
50%
Costa Rica
50%
Csehország
50%
Comore-szigetek
0%

Score Distribution

Percentile by Number Answered

Percent of People with Each Score

Your Score History

You have not taken this quiz